000 00624cam a22002173a 4500
001 37578
003 PGUSA
005 20140828083826.0
008 110930s2011||||xxu|||||s|||||000 | eng d
040 _aPGUSA
_beng
042 _adc
100 1 _aCouperus, Louis,
_d1863-1923
245 1 4 _aThe Later Life
_h[electronic resource] /
_cLouis Couperus
260 _bProject Gutenberg,
_c2011
506 _aPublic domain in the USA.
516 _aElectronic text
700 1 _aTeixeira de Mattos, Alexander,
_d1865-1921
830 0 _aProject Gutenberg
_v37578
856 4 0 _uhttp://www.gutenberg.org/ebooks/37578
942 _cEB
999 _c266832
_d266832